Statistics for Airlines by Slogan

Click here to take the quiz!

General Stats

  • This quiz has been taken 45 times
  • The average score is 5 of 10

Answer Stats

SloganAirline% Correct
Spirit of AustraliaQantas
98%
France is in the airAir France
83%
Catch the spirit!Spirit Airlines
80%
Low fares. Made simple.Ryanair
70%
Hawaii starts hereHawaiian Airlines
68%
You'll love the way we flyDelta
20%
Good leads the wayUnited
13%
Great is what we're going forAmerican Airlines
10%
No ordinary airlineVirgin Atlantic
8%
A great way to flySingapore Airlines
3%

Score Distribution

Percentile by Number Answered

Percent of People with Each Score

Your Score History

You have not taken this quiz